Sports Quiz

Random Sports Quiz
Score 0/20 Timer 06:00
0 Plays Today
Question Answer % Correct
Who didn't cost United more than £15m - Michael Carrick, David de Gea, Louis Saha or Ashley Young?????
71.4%
Who didn't score on their United debut - Keith Gillespie, Gabriel Heinze, Nick Powell or Nemanja Vidic????
63.4%
Who never finished a season as United's top Premier League goalscorer - Dimitar Berbatov, Javier Hernandez, Andrei Kanchelskis or Ole Gunnar Solskjaer????
61.9%
Who didn't join United from a Spanish club - Jordi Cruyff, Quinton Fortune, Mark Hughes or Marcos Rojo????
61.2%
Who never had the squad number 6 - Laurent Blanc, Wes Brown, Jonny Evans or David May????
60.8%
Who didn't score for United in an FA Cup Final - Andy Cole, Brian McClair, Cristiano Ronaldo or Paul Scholes????
55.3%
Who did not join United from an Italian club - Laurent Blanc, Jesper Blomqvist, Gabriel Heinze or Mikael Silvestre????
52.5%
Which midfielder never made the Premier League team of the year - Nicky Butt, Michael Carrick, Darren Fletcher or Ji-Sung Park????
51.8%
Which United player has never scored a World Cup goal - Rio Ferdinand, Quinton Fortune, Juan Mata, or Teddy Sheringham????
50.1%
Which defender made less than 200 Premier League appearances for United? Wes Brown, Steve Bruce, Gary Pallister or Mikael Silvestre????
49.2%
Question Answer % Correct
Who did not score a penalty for United in the 2008 Champions League final win over Chelsea - Anderson, Nani, Wayne Rooney or Carlox Tevez????
47.8%
Which of these United players has not won 100 or more international caps - Henning Berg, Diego Forlan, Karel Poborsky or Juan Sebastian Veron????
45.9%
Who didn't make the squad for the 1999 Champions League final - Henning Berg, Jesper Blomqvist, Ronny Johnsen or David May????
43.5%
Who is not the only player from his nation to have represented United - Eric Djemba-Djemba, Diego Forlan, Tomasz Kuszczak or Peter Schmeichel????
38.3%
Who was not on the scoresheet when United beat Ipswich by a record 9-0 - Mark Hughes, Paul Ince, Roy Keane or Brian McClair????
33.1%
Who has not scored a Champions League hat-trick for United - Andy Cole, Michael Owen, Ole Gunnar Solskjaer or Robin van Persie????
30%
Who's never been sent off playing for United - Michael Carrick, Denis Irwin, Andrei Kanchelskis or Ruud van Nistelrooy????
27.7%
Which player was not born in the 1970s - Andy Cole, Andrei Kanchelskis, Roy Keane or Lee Sharpe????
26.7%
Who hadn't already played for another club before making their United debut - Mark Bosnich, Dion Dublin, Jonathan Greening or Lee Sharpe????
19.9%
Which centre half is not taller than 1.90m - Rio Ferdinand, John O'Shea, Chris Smalling or Jaap Stam????
13.7%
Remove Ads.
Support Sporcle.
Get the best of Sporcle when you Go Orange. This ad-free experience offers more features, more stats, and more fun while also helping to support Sporcle. Thank you for becoming a member.

You're not logged in!

Compare scores with friends on all Sporcle quizzes.
OR
Log In

Show Comments

Extras

Top Quizzes Today


Score Distribution

Your Account Isn't Verified!

In order to create a playlist on Sporcle, you need to verify the email address you used during registration. Go to your Sporcle Settings to finish the process.

Report this User

Report this user for behavior that violates our Community Guidelines.

Details: